Арабские народные пословицы и поговорки: пер. с араб.

Библиографические подробности
Другие авторы: Шарбатов Г. Ш. (переводчик)
Язык:русский
Опубликовано: Москва, Иностранная литература, 1961
Предметы:
Формат: Книга
Запись в KOHA:https://koha.lib.tpu.ru/cgi-bin/koha/opac-detail.pl?biblionumber=321980

MARC

LEADER 00000nam0a2200000 4500
001 321980
005 20231102003429.0
035 |a (RuTPU)RU\TPU\book\347536 
090 |a 321980 
100 |a 20160913d1961 m y0rusy50 ca 
101 1 |a rus  |c ara 
102 |a RU 
105 |a a z 000zy 
200 1 |a Арабские народные пословицы и поговорки  |e пер. с араб.  |f пер. Г. Ш. Шарбатов 
210 |a Москва  |c Иностранная литература  |d 1961 
215 |a 61 с.  |c ил. 
606 1 |a Арабская литература  |2 stltpush  |3 (RuTPU)RU\TPU\subj\29318  |9 52679 
610 1 |a художественная литература 
610 1 |a пословицы 
610 1 |a поговорки 
675 |a 892.7  |v 4 
702 1 |a Шарбатов  |b Г. Ш.  |4 730 
801 1 |a RU  |b 63413507  |c 20160913 
801 2 |a RU  |b 63413507  |c 20210112  |g RCR 
942 |c BK